[Event "Est ch 2020 U16"]
[Site "Narva"]
[Date "2020.02.27"]
[Round "2.6"]
[White "Raag, Ardi"]
[Black "Tõnisson, Trent Asso"]
[Result "1-0"]
[WhiteElo "1774"]
[BlackElo "1580"]
[PlyCount "89"]
[EventDate "2020.02.27"]
[EventCountry "EST"]
[SourceVersionDate "2020.03.16"]

1. e4 c5 2. c3 Nf6 3. e5 Nd5 4. Nf3 Nc6 5. d4 cxd4 6. cxd4 d6 7. exd6 Qxd6 8.
Nc3 Bg4 9. Be2 e6 10. O-O Be7 11. Ne4 Qd8 12. Nc5 Qb6 13. Na4 Qd8 14. a3 Bf6
15. Be3 O-O 16. Nc5 b6 17. Ne4 Be7 18. h3 Bh5 19. Qa4 Na5 20. Ng3 Bg6 21. Ne5
Rc8 22. Rac1 Bd6 23. Bd2 Rxc1 24. Rxc1 f6 25. Nxg6 hxg6 26. b4 Nb7 27. Qxa7 Rf7
28. Qa6 Bxg3 29. fxg3 Nd6 30. Bf3 Rc7 31. Rxc7 Qxc7 32. Bxd5 exd5 33. Qa8+ Kh7
34. Qxd5 Nc4 35. Bc1 g5 36. Qf5+ Kh8 37. Qd3 b5 38. Kh2 Nd6 39. Be3 Nc4 40. d5
Qe5 41. Bc5 f5 42. d6 f4 43. d7 fxg3+ 44. Qxg3 Qd5 45. Qb8+ 1-0

[Event "Est ch 2020 U16"]
[Site "Narva"]
[Date "2020.02.27"]
[Round "2.7"]
[White "Rikas, Artur"]
[Black "Olde, Karl Erik"]
[Result "1-0"]
[WhiteElo "1566"]
[BlackElo "1752"]
[PlyCount "99"]
[EventDate "2020.02.27"]
[EventCountry "EST"]
[SourceVersionDate "2020.03.16"]

1. e4 c5 2. Nc3 Nc6 3. Bb5 g6 4. Bxc6 bxc6 5. d3 Bg7 6. Be3 d6 7. f4 e6 8. Nf3
Ne7 9. O-O O-O 10. Qd2 Ba6 11. e5 Nd5 12. Ne4 Nxe3 13. Qxe3 dxe5 14. fxe5 c4
15. dxc4 Bxc4 16. Rfd1 Qb6 17. Qxb6 axb6 18. Kf2 Rfd8 19. a3 Kf8 20. Ned2 Ba6
21. Ne4 Ke7 22. g4 c5 23. Ke3 Bb7 24. c4 Bc6 25. h4 Ba4 26. Rxd8 Rxd8 27. Rc1
Bd1 28. Ned2 Ba4 29. g5 h6 30. Rc3 hxg5 31. hxg5 Rh8 32. Rd3 Rh3 33. Kf4 Rh8
34. Rd6 Rb8 35. b3 Bd7 36. a4 Rb7 37. Ne4 Bc8 38. Ne1 Rb8 39. Nd3 Ba6 40. a5
Bxc4 41. bxc4 bxa5 42. Ndxc5 Rb1 43. Rd7+ Kf8 44. Nf6 Bxf6 45. gxf6 Kg8 46. Ne4
Rf1+ 47. Kg3 Rf5 48. Kg4 Rxe5 49. Rd8+ Kh7 50. Ng5+ 1-0

[Event "Est ch 2020 U16"]
[Site "Narva"]
[Date "2020.02.27"]
[Round "2.8"]
[White "Andrijashkin, Deniss"]
[Black "Shnurov, Daniil"]
[Result "1-0"]
[WhiteElo "1946"]
[BlackElo "1558"]
[PlyCount "43"]
[EventDate "2020.02.27"]
[EventCountry "EST"]
[SourceVersionDate "2020.03.16"]

1. e4 c6 2. Nf3 d5 3. Nc3 Nf6 4. e5 Ne4 5. Ne2 Bg4 6. Nfg1 Nc5 7. d4 Ncd7 8. h3
Bh5 9. g4 Bg6 10. Nf4 e6 11. h4 h6 12. Nxg6 fxg6 13. Bd3 Nb6 14. Ne2 Be7 15.
Nf4 Kd7 16. Nxg6 Rg8 17. f4 c5 18. f5 exf5 19. Bxf5+ Kc7 20. Bf4 Nc6 21. e6+
Bd6 22. dxc5 1-0

[Event "Est ch 2020 U16"]
[Site "Narva"]
[Date "2020.02.27"]
[Round "2.9"]
[White "Nazarov, Vladislav"]
[Black "Mikko, Rondo"]
[Result "1/2-1/2"]
[WhiteElo "1546"]
[BlackElo "1542"]
[PlyCount "42"]
[EventDate "2020.02.27"]
[EventCountry "EST"]
[SourceVersionDate "2020.03.16"]

1. c4 Nf6 2. Nc3 e6 3. d4 d5 4. Nf3 c6 5. Bg5 Be7 6. e3 O-O 7. Bd3 h6 8. Bf4
Nbd7 9. h3 dxc4 10. Bxc4 b5 11. Bd3 a5 12. O-O Nd5 13. Nxd5 exd5 14. Rc1 Bb7
15. Ne5 Nxe5 16. Bxe5 Bd6 17. Qh5 Bxe5 18. Qxe5 Re8 19. Qf5 g6 20. Qf4 Kg7 21.
Rc5 Qf6 1/2-1/2

[Event "Est ch 2020 U16"]
[Site "Narva"]
[Date "2020.02.27"]
[Round "2.10"]
[White "Kull, Tormi"]
[Black "Lazojev, Mark"]
[Result "1-0"]
[WhiteElo "1523"]
[BlackElo "1171"]
[PlyCount "49"]
[EventDate "2020.02.27"]
[EventCountry "EST"]
[SourceVersionDate "2020.03.16"]

1. e4 e5 2. Nc3 Nf6 3. f4 d6 4. Nf3 Nc6 5. Bb5 exf4 6. d4 Bd7 7. Bxf4 Be7 8.
O-O O-O 9. Qd2 a6 10. Bd3 b5 11. h3 Qc8 12. g4 h5 13. e5 dxe5 14. dxe5 Ne8 15.
Be4 Rb8 16. Rad1 hxg4 17. hxg4 f5 18. Bd5+ Be6 19. Bxc6 fxg4 20. Ng5 Bc4 21.
Bd5+ Bxd5 22. Qxd5+ Kh8 23. Nf7+ Kh7 24. Rd2 g5 25. Bxg5 1-0

[Event "Est ch 2020 U16"]
[Site "Narva"]
[Date "2020.02.27"]
[Round "2.11"]
[White "Rodin, Robert"]
[Black "Mertins, Ostap"]
[Result "1/2-1/2"]
[WhiteElo "1178"]
[BlackElo "1375"]
[PlyCount "61"]
[EventDate "2020.02.27"]
[EventCountry "EST"]
[SourceVersionDate "2020.03.16"]

1. e4 c5 2. c3 e6 3. d4 d5 4. e5 Nc6 5. Nf3 cxd4 6. cxd4 Qb6 7. Nc3 Bd7 8. Be2
Bb4 9. O-O Nge7 10. Bf4 Nf5 11. a3 Bxc3 12. bxc3 O-O 13. Qc2 Rac8 14. Qd3 Na5
15. g4 Ne7 16. h4 Ng6 17. Bc1 Qc7 18. Re1 Qxc3 19. Qxc3 Rxc3 20. Bd2 Rxf3 21.
Bxf3 Nxh4 22. Be2 Nb3 23. Rad1 Nxd4 24. Bb4 Nxe2+ 25. Rxe2 Rc8 26. Kh2 Ng6 27.
Kg3 Rc4 28. f3 Bb5 29. Re3 a6 30. Re4 Rc8 31. Re3 1/2-1/2

[Event "Est ch 2020 U16"]
[Site "Narva"]
[Date "2020.02.27"]
[Round "2.12"]
[White "Naestema, Joonas Aditya"]
[Black "Luik, Ott-Robert"]
[Result "1-0"]
[WhiteElo "1341"]
[BlackElo "1149"]
[PlyCount "89"]
[EventDate "2020.02.27"]
[EventCountry "EST"]
[SourceVersionDate "2020.03.16"]

1. e4 c5 2. Nf3 e6 3. d4 cxd4 4. Nxd4 Nf6 5. Nc3 a6 6. Be3 Nc6 7. Be2 Bb4 8.
Nxc6 bxc6 9. Qd3 O-O 10. O-O Bxc3 11. bxc3 d5 12. exd5 cxd5 13. c4 Bb7 14. Bg5
Rc8 15. Rab1 Bc6 16. cxd5 Qxd5 17. Qxd5 Bxd5 18. Bxf6 gxf6 19. Rb2 Rc6 20. Rc1
Rfc8 21. Bd3 f5 22. h3 Be4 23. Bxe4 fxe4 24. Kf1 f5 25. Ke2 Rc3 26. Kd2 Kg7 27.
Rb3 Rxb3 28. axb3 Kf6 29. Ra1 Rc6 30. Ra5 e5 31. b4 Ke6 32. b5 axb5 33. Rxb5
Kd6 34. Rb7 Rc7 35. Rxc7 Kxc7 36. Ke3 Kd6 37. g4 f4+ 38. Kxe4 Ke6 39. c4 Kd6
40. f3 Ke6 41. c5 Kf6 42. c6 h6 43. c7 Kg5 44. c8=Q Kh4 45. Qe8 1-0

[Event "Est ch 2020 U16"]
[Site "Narva"]
[Date "2020.02.27"]
[Round "2.13"]
[White "Pallum, Rasmus"]
[Black "Makarov, Gleb"]
[Result "1-0"]
[WhiteElo "1159"]
[BlackElo "1275"]
[PlyCount "65"]
[EventDate "2020.02.27"]
[EventCountry "EST"]
[SourceVersionDate "2020.03.16"]

1. e4 c5 2. Nc3 Nc6 3. f4 g6 4. Nf3 Bg7 5. Bc4 d6 6. O-O Nf6 7. d3 a6 8. a3 b5
9. Ba2 O-O 10. Be3 Bb7 11. Qe1 Na7 12. Qh4 Rc8 13. f5 d5 14. fxg6 hxg6 15. Ng5
Re8 16. e5 c4 17. exf6 exf6 18. Qh7+ Kf8 19. Bxa7 d4 20. Nce4 fxg5 21. Qxg6 Re7
22. Nxg5 Bd5 23. Nh7+ Kg8 24. Nf6+ Kf8 25. Bb6 fxg6 26. Bxd8 Rxd8 27. Nxd5+ Rf7
28. Rxf7+ Kxf7 29. dxc4 bxc4 30. Bxc4 Kf8 31. Rf1+ Ke8 32. Nc7+ Kd7 33. Rf7+
1-0

[Event "Est ch 2020 U16"]
[Site "Narva"]
[Date "2020.02.27"]
[Round "2.14"]
[White "Padari, Tuudur Jakob"]
[Black "Desjatnikov, Svetoslav"]
[Result "1-0"]
[WhiteElo "1256"]
[BlackElo "1108"]
[PlyCount "69"]
[EventDate "2020.02.27"]
[EventCountry "EST"]
[SourceVersionDate "2020.03.16"]

1. Nf3 d5 2. c4 Nf6 3. d4 Bg4 4. Ne5 Bh5 5. cxd5 Qxd5 6. Nc3 Qa5 7. Qb3 Ne4 8.
e3 e6 9. Nc4 Qf5 10. Nxe4 Qxe4 11. Qb5+ Nd7 12. Qxh5 Qc2 13. Qe2 Qe4 14. Qd3
Qc6 15. Bd2 Nf6 16. Ne5 Qd5 17. Qb5+ c6 18. Qxd5 exd5 19. Bd3 Ne4 20. Bxe4 dxe4
21. O-O f6 22. Nc4 O-O-O 23. Bc3 h5 24. a3 h4 25. Bb4 Bxb4 26. axb4 h3 27. g3
g5 28. Rxa7 Kc7 29. f3 Rhe8 30. fxe4 Rxe4 31. Rxf6 Re7 32. Ne5 Kb8 33. Nxc6+
bxc6 34. Rxe7 c5 35. bxc5 1-0

[Event "Est ch 2020 U16"]
[Site "Narva"]
[Date "2020.02.27"]
[Round "2.15"]
[White "Karis, Fredi"]
[Black "Pomaznjov, Aleksei"]
[Result "0-1"]
[WhiteElo "1013"]
[BlackElo "1179"]
[PlyCount "88"]
[EventDate "2020.02.27"]
[EventCountry "EST"]
[SourceVersionDate "2020.03.16"]

1. e4 c5 2. Nf3 d6 3. c3 Nf6 4. Be2 Nc6 5. d4 Bg4 6. d5 Ne5 7. Nxe5 Bxe2 8.
Qxe2 dxe5 9. Bg5 Qb6 10. Bxf6 gxf6 11. c4 Bh6 12. b3 O-O-O 13. O-O Rhg8 14. Kh1
Rg6 15. Nd2 Rdg8 16. g3 Qc7 17. Nf3 Qd7 18. Nh4 Qg4 19. Nxg6 Qxe2 20. Nxe7+ Kd7
21. Nxg8 Qxe4+ 22. Kg1 Bg7 23. Rfe1 Qg6 24. Rad1 Bf8 25. Nxf6+ Qxf6 26. a3 a5
27. Re3 Bh6 28. Re4 Qf5 29. Rde1 Kd6 30. Kg2 f6 31. Kg1 Bd2 32. R1e2 Qf3 33. a4
h5 34. h4 b6 35. Kh2 Bc3 36. R4e3 Qg4 37. f3 Qd4 38. Re4 Qd1 39. f4 Qxb3 40. g4
hxg4 41. h5 Bd4 42. fxe5+ Bxe5+ 43. Kh1 Qh3+ 44. Kg1 Qxh5 0-1

[Event "Est ch 2020 U16"]
[Site "Narva"]
[Date "2020.02.28"]
[Round "3.1"]
[White "Rytshagov, Nikita"]
[Black "Pedoson, Georg Aleksander"]
[Result "1/2-1/2"]
[WhiteElo "1837"]
[BlackElo "2160"]
[PlyCount "57"]
[EventDate "2020.02.27"]
[EventCountry "EST"]
[SourceVersionDate "2020.03.16"]

1. e4 c6 2. d4 d5 3. Nc3 g6 4. Nf3 Bg7 5. h3 dxe4 6. Nxe4 Nf6 7. Nxf6+ exf6 8.
Bd3 O-O 9. O-O f5 10. c3 Nd7 11. Qc2 Nf6 12. Bd2 Be6 13. Rfe1 Qc7 14. c4 Rad8
15. Rad1 b6 16. b3 Bc8 17. Bc3 Nh5 18. Bf1 Nf4 19. g3 Ne6 20. Bg2 h5 21. Ne5
Bxe5 22. dxe5 Bb7 23. h4 Qe7 24. f4 Rxd1 25. Rxd1 Rd8 26. Rxd8+ Qxd8 27. Qd2
Qxd2 28. Bxd2 Kf8 29. Kf2 1/2-1/2

[Event "Est ch 2020 U16"]
[Site "Narva"]
[Date "2020.02.28"]
[Round "3.2"]
[White "Aga, Rihard"]
[Black "Raag, Ardi"]
[Result "1-0"]
[WhiteElo "2054"]
[BlackElo "1774"]
[PlyCount "87"]
[EventDate "2020.02.27"]
[EventCountry "EST"]
[SourceVersionDate "2020.03.16"]

1. d4 d5 2. c4 e6 3. Nc3 Nf6 4. Nf3 Nbd7 5. Bf4 dxc4 6. e3 Nd5 7. Bxc4 Nxf4 8.
exf4 Nb6 9. Bd3 g6 10. O-O Bg7 11. Rc1 c6 12. Be2 Nd5 13. g3 O-O 14. a3 Qe7 15.
Ne4 Nf6 16. Nc5 Nd7 17. b4 b6 18. Nxd7 Qxd7 19. Ne5 Bxe5 20. dxe5 Qe8 21. Bf3
Bb7 22. Qa4 b5 23. Qc2 Rc8 24. Qc5 a5 25. Rfd1 axb4 26. axb4 Rc7 27. Rd6 Qa8
28. Rcd1 Rfc8 29. Rd7 Rxd7 30. Rxd7 Rd8 31. Rc7 Rc8 32. Qe7 Rxc7 33. Qxc7 Kg7
34. Kg2 (34. f5 gxf5 (34... exf5 35. e6 Qe8 36. e7) 35. Bh5) 34... Qa6 35. g4
Ba8 36. Qd8 Bb7 37. Qe7 Ba8 38. h4 Qb7 39. Qf6+ Kg8 40. h5 gxh5 41. gxh5 Kf8
42. Qd8+ Kg7 43. h6+ Kxh6 44. Qg5# 1-0

[Event "Est ch 2020 U16"]
[Site "Narva"]
[Date "2020.02.28"]
[Round "3.3"]
[White "Rikas, Artur"]
[Black "Protassov, Vlad"]
[Result "0-1"]
[WhiteElo "1566"]
[BlackElo "1913"]
[PlyCount "64"]
[EventDate "2020.02.27"]
[EventCountry "EST"]
[SourceVersionDate "2020.03.16"]

1. e4 c6 2. Nc3 d5 3. Nf3 dxe4 4. Nxe4 Nf6 5. Nxf6+ exf6 6. d4 Bd6 7. Be2 O-O
8. O-O Re8 9. Re1 Bf5 10. Be3 Nd7 11. Qd2 Nf8 12. c4 Ng6 13. a3 h5 14. Rad1 h4
15. d5 c5 16. h3 Qd7 17. Bf1 Be4 18. b4 Bxf3 19. gxf3 b6 20. f4 Qf5 21. Bg2
Nxf4 22. Bxf4 Bxf4 23. Qc3 Bd6 24. b5 Qf4 25. Qd3 f5 26. Kf1 g5 27. Rc1 g4 28.
f3 gxh3 29. Bxh3 Qh2 30. Bg2 h3 31. Rxe8+ Rxe8 32. Rc2 Bg3 0-1

[Event "Est ch 2020 U16"]
[Site "Narva"]
[Date "2020.02.28"]
[Round "3.4"]
[White "Krivenko, Dion"]
[Black "Andrijashkin, Deniss"]
[Result "1-0"]
[WhiteElo "1935"]
[BlackElo "1946"]
[PlyCount "69"]
[EventDate "2020.02.27"]
[EventCountry "EST"]
[SourceVersionDate "2020.03.16"]

1. e4 g6 2. d4 Bg7 3. Nc3 d6 4. Bc4 a6 5. a4 e6 6. Nge2 Ne7 7. Be3 Nbc6 8. f3
d5 9. Bb3 Na5 10. Ba2 Nc4 11. Bxc4 dxc4 12. Qd2 h6 13. O-O Bd7 14. Ng3 b5 15.
axb5 axb5 16. d5 b4 17. Rxa8 Qxa8 18. dxe6 Bxe6 19. Nb5 Qa5 20. Nd4 Bc8 21. Rd1
c5 22. Nb5 O-O 23. Bxc5 Nc6 24. Bxf8 Bxf8 25. Nd6 Be6 26. Ne2 Qc5+ 27. Kh1 Qf2
28. Nf4 Qxd2 29. Rxd2 c3 30. bxc3 bxc3 31. Rd1 Ba2 32. Ne2 Bg7 33. Nb5 Nb4 34.
Nexc3 Bc4 35. Rd2 1-0

[Event "Est ch 2020 U16"]
[Site "Narva"]
[Date "2020.02.28"]
[Round "3.5"]
[White "Olde, Karl Erik"]
[Black "Nikitin, Arseni"]
[Result "1-0"]
[WhiteElo "1752"]
[BlackElo "1680"]
[PlyCount "74"]
[EventDate "2020.02.27"]
[EventCountry "EST"]
[SourceVersionDate "2020.03.16"]

1. d4 d5 2. c4 c6 3. Nf3 Nf6 4. e3 e6 5. Nc3 Be7 6. b3 Nbd7 7. Bd3 O-O 8. O-O
b6 9. Bb2 Bb7 10. Rc1 Rc8 11. Qe2 c5 12. cxd5 exd5 13. Rfd1 Ne4 14. dxc5 Nxc3
15. Bxc3 Rxc5 16. Bd4 Rxc1 17. Rxc1 Bc5 18. Qc2 h6 19. Bf5 Ba3 20. Rd1 Bd6 21.
Qb2 f6 22. Be6+ Kh7 23. Qb1+ g6 24. Bb2 Nc5 25. Bh3 f5 26. Nd4 Bc8 27. g3 f4
28. Bxc8 fxg3 29. hxg3 Qxc8 30. Ne2 Qg4 31. Nf4 Bxf4 32. exf4 Ne4 33. Qd3 Rf5
34. Qd4 Nf6 35. Re1 Kg7 36. Qc3 Rxf4 37. Qc7+ Kh8 1-0

[Event "Est ch 2020 U16"]
[Site "Narva"]
[Date "2020.02.28"]
[Round "3.6"]
[White "Mikko, Rondo"]
[Black "Pedmanson, Herman"]
[Result "1-0"]
[WhiteElo "1542"]
[BlackElo "1741"]
[PlyCount "51"]
[EventDate "2020.02.27"]
[EventCountry "EST"]
[SourceVersionDate "2020.03.16"]

1. Nf3 b5 2. d4 Nf6 3. g3 Bb7 4. Bg2 e6 5. O-O Be7 6. Nbd2 O-O 7. c4 bxc4 8.
Nxc4 c5 9. Bf4 d5 10. Nce5 Nbd7 11. Rc1 Qb6 12. Bg5 Bd6 13. Qa4 Ba6 14. Bxf6
Nxf6 15. dxc5 Bxc5 16. b4 Bxf2+ 17. Rxf2 Ne4 18. Rc5 Bc8 19. Nd3 Nxf2 20. Kxf2
f6 21. Nd4 Bb7 22. Qd7 Rae8 23. e3 Bc8 24. Rxc8 Rxc8 25. Nxe6 Rc7 26. Nxc7 1-0

[Event "Est ch 2020 U16"]
[Site "Narva"]
[Date "2020.02.28"]
[Round "3.7"]
[White "Pedmanson, Albert"]
[Black "Kull, Tormi"]
[Result "1-0"]
[WhiteElo "1736"]
[BlackElo "1523"]
[PlyCount "69"]
[EventDate "2020.02.27"]
[EventCountry "EST"]
[SourceVersionDate "2020.03.16"]

1. e4 e6 2. d4 d5 3. Nd2 Nf6 4. Bd3 c5 5. c3 Nc6 6. Ngf3 Be7 7. exd5 Nxd5 8.
Nb3 cxd4 9. Nbxd4 Nxd4 10. Nxd4 O-O 11. O-O a6 12. Qf3 Qc7 13. Be4 Nf6 14. Re1
Bd6 15. h3 Nxe4 16. Qxe4 Rb8 17. Bg5 b5 18. Rad1 h6 19. Bc1 Rd8 20. Qg4 Kh8 21.
Qh5 Bb7 22. Rd3 Bf4 23. Bxf4 Qxf4 24. Rg3 Rd5 25. Qe2 Rg5 26. Qd3 h5 27. Rxg5
Qxg5 28. Nf3 Qf6 29. Ne5 Kg8 30. Qe2 Qg5 31. f4 Qg3 32. Nxf7 Bd5 33. Ng5 Bxg2
34. Qxe6+ Kh8 35. Qe8+ 1-0

[Event "Est ch 2020 U16"]
[Site "Narva"]
[Date "2020.02.28"]
[Round "3.8"]
[White "Sadekov, Maksim"]
[Black "Naestema, Joonas Aditya"]
[Result "1/2-1/2"]
[WhiteElo "1664"]
[BlackElo "1341"]
[PlyCount "58"]
[EventDate "2020.02.27"]
[EventCountry "EST"]
[SourceVersionDate "2020.03.16"]

1. d4 d5 2. c4 Nf6 3. Nc3 e6 4. Nf3 c5 5. cxd5 Nxd5 6. Nxd5 Qxd5 7. e3 Nc6 8.
Bb5 cxd4 9. Bxc6+ Qxc6 10. Qxd4 Qb5 11. Bd2 Bd7 12. Bc3 Bc6 13. Qg4 Bxf3 14.
Qxf3 Bb4 15. a4 Bxc3+ 16. bxc3 Qa6 17. Qe2 Qxe2+ 18. Kxe2 Ke7 19. Rhb1 Rab8 20.
a5 Rhc8 21. Rb3 Rc5 22. e4 Kd6 23. Ke3 Kc6 24. Ra4 Rd8 25. Ke2 Rd7 26. f3 g6
27. g3 Rb5 28. Rc4+ Rc5 29. Ra4 Rb5 1/2-1/2

[Event "Est ch 2020 U16"]
[Site "Narva"]
[Date "2020.02.28"]
[Round "3.9"]
[White "Pomaznjov, Aleksei"]
[Black "Snitsarenko, Igor"]
[Result "1-0"]
[WhiteElo "1179"]
[BlackElo "1602"]
[PlyCount "59"]
[EventDate "2020.02.27"]
[EventCountry "EST"]
[SourceVersionDate "2020.03.16"]

1. e4 c5 2. Nf3 e6 3. d4 cxd4 4. Nxd4 a6 5. Bc4 Qc7 6. Bb3 Nf6 7. Nc3 Bb4 8.
Qf3 Nc6 9. Nde2 b5 10. Bf4 d6 11. O-O Bb7 12. Ng3 Nd4 13. Qd3 Nxb3 14. cxb3 O-O
15. Rac1 Qb6 16. Rfd1 d5 17. exd5 Nxd5 18. Nxd5 Bxd5 19. Nh5 Ra7 20. Be3 Qb8
21. Qd4 e5 22. Qxa7 Qd6 23. Qb6 Qd7 24. Bc5 Bxc5 25. Rxc5 Qg4 26. Rcxd5 Qxh5
27. Rd8 g6 28. Qf6 h6 29. Rxf8+ Kxf8 30. Rd8# 1-0

[Event "Est ch 2020 U16"]
[Site "Narva"]
[Date "2020.02.28"]
[Round "3.10"]
[White "Tõnisson, Trent Asso"]
[Black "Padari, Tuudur Jakob"]
[Result "0-1"]
[WhiteElo "1580"]
[BlackElo "1256"]
[PlyCount "56"]
[EventDate "2020.02.27"]
[EventCountry "EST"]
[SourceVersionDate "2020.03.16"]

1. e4 e5 2. Nc3 Nf6 3. f4 d5 4. fxe5 Nxe4 5. Nf3 Be7 6. d4 Nxc3 7. bxc3 c5 8.
Be3 c4 9. Be2 O-O 10. O-O Bf5 11. Rb1 b6 12. Qd2 Qd7 13. h3 Na6 14. g4 Bg6 15.
Ne1 Nc7 16. Ng2 f6 17. exf6 Rxf6 18. Nf4 Be4 19. Bf3 Bxf3 20. g5 Rxf4 21. Bxf4
Be4 22. Qh2 Ne6 23. h4 Nxf4 24. Qxf4 Bd6 25. Qe3 Qg4+ 26. Kf2 Qg2+ 27. Ke1 Bg3+
28. Rf2 Rf8 0-1

[Event "Est ch 2020 U16"]
[Site "Narva"]
[Date "2020.02.28"]
[Round "3.11"]
[White "Mertins, Ostap"]
[Black "Pallum, Rasmus"]
[Result "1-0"]
[WhiteElo "1375"]
[BlackElo "1159"]
[PlyCount "73"]
[EventDate "2020.02.27"]
[EventCountry "EST"]
[SourceVersionDate "2020.03.16"]

1. e4 d6 2. d4 Nf6 3. Nc3 g6 4. Be3 Bg7 5. Qd2 O-O 6. f3 Nbd7 7. g4 c5 8. h4 a6
9. h5 b5 10. hxg6 c4 11. gxh7+ Kh8 12. g5 Ne8 13. Nge2 Bb7 14. Nf4 e5 15. Nh5
f5 16. gxf6 Ndxf6 17. dxe5 dxe5 18. Qxd8 Rxd8 19. Nxf6 Nxf6 20. Bh3 Nh5 21. Bg4
Nf4 22. Bxf4 exf4 23. Rd1 b4 24. Rxd8 Rxd8 25. Nd1 a5 26. Rh5 Ra8 27. Rb5 Ra7
28. Bf5 Bf8 29. Nf2 Bd6 30. Rb6 Bc5 31. Re6 Ra8 32. Ng4 Bd4 33. Ne5 Bxe5 34.
Rxe5 Rd8 35. Rxa5 Bc6 36. Rc5 Rd6 37. Rxc4 1-0

[Event "Est ch 2020 U16"]
[Site "Narva"]
[Date "2020.02.28"]
[Round "3.12"]
[White "Rodin, Robert"]
[Black "Nazarov, Vladislav"]
[Result "0-1"]
[WhiteElo "1178"]
[BlackElo "1546"]
[PlyCount "106"]
[EventDate "2020.02.27"]
[EventCountry "EST"]
[SourceVersionDate "2020.03.16"]

1. e4 c5 2. c3 d5 3. exd5 Qxd5 4. d4 Nf6 5. Bb5+ Nbd7 6. Nf3 cxd4 7. Bxd7+ Bxd7
8. Qxd4 e6 9. Be3 Qxd4 10. cxd4 Bc6 11. Nbd2 Ne4 12. O-O Nxd2 13. Nxd2 Bd5 14.
Rfc1 Bd6 15. Nc4 Bxc4 16. Rxc4 Kd7 17. Rd1 Rhc8 18. Rc3 Rxc3 19. bxc3 Rc8 20.
Rd3 Rc4 21. Kf1 Kc6 22. Ke2 Kd5 23. Bc1 Ra4 24. a3 Kc4 25. d5 exd5 26. Rd4+ Kb5
27. Rxd5+ Kc6 28. Rd2 Bf4 29. Rc2 Bxc1 30. Rxc1 Rxa3 31. Rc2 Kc5 32. Kd3 b5 33.
Rb2 Ra6 34. Rb4 Rd6+ 35. Ke3 a5 36. Rf4 Re6+ 37. Kd3 Rf6 38. Rg4 g6 39. f3 Rf5
40. Re4 Rd5+ 41. Kc2 Rd7 42. Re5+ Kc4 43. Re4+ Kd5 44. Kb3 f5 45. Re2 Kc5 46.
Re5+ Rd5 47. Re2 a4+ 48. Kc2 Kd6 49. c4 bxc4 50. Kc3 Kc5 51. Kc2 Rd7 52. Re8
Rb7 53. Ra8 Kb4 0-1

[Event "Est ch 2020 U16"]
[Site "Narva"]
[Date "2020.02.28"]
[Round "3"]
[White "Shnurov, Daniil"]
[Black "Luik, Ott-Robert"]
[Result "1-0"]
[WhiteElo "1558"]
[BlackElo "1149"]
[PlyCount "89"]
[EventDate "2020.02.27"]
[EventCountry "EST"]
[SourceVersionDate "2020.03.16"]

1. d4 Nf6 2. c4 e6 3. Nf3 g6 4. Bg5 Bg7 5. Nc3 h6 6. Bh4 O-O 7. e4 g5 8. Bg3
Nh5 9. e5 d6 10. Ne4 d5 11. Nc3 c6 12. c5 Nd7 13. Nd2 Nxg3 14. hxg3 f5 15. Bd3
b5 16. b4 a5 17. a3 g4 18. Nb3 a4 19. Nd2 Rf7 20. Ne2 Nf8 21. Nf4 Nh7 22. Qe2
Ng5 23. f3 gxf3 24. gxf3 Raa7 25. O-O-O Qe8 26. g4 Rfe7 27. Rdg1 Qf7 28. gxf5
exf5 29. Qe3 Ne6 30. Rxh6 Nxf4 31. Qxf4 Re6 32. Rxe6 Bxe6 33. Qh4 Qe7 34. Rg5
Kf8 35. f4 Qd7 36. Qh7 Qc8 37. Bxf5 Rf7 38. Bxe6 Qxe6 39. f5 Qh6 40. Qg6 Qh4
41. f6 Qe1+ 42. Kc2 Qa1 43. fxg7+ Kg8 44. Qxf7+ Kxf7 45. g8=Q+ 1-0

[Event "Est ch 2020 U16"]
[Site "Narva"]
[Date "2020.02.28"]
[Round "3.14"]
[White "Makarov, Gleb"]
[Black "Karis, Fredi"]
[Result "1-0"]
[WhiteElo "1275"]
[BlackElo "1013"]
[PlyCount "43"]
[EventDate "2020.02.27"]
[EventCountry "EST"]
[SourceVersionDate "2020.03.16"]

1. d4 d5 2. Bf4 e6 3. c3 c5 4. e3 Nc6 5. Nf3 f6 6. Bd3 Bd6 7. Bg3 Nge7 8. Nbd2
cxd4 9. exd4 e5 10. dxe5 Nxe5 11. Nxe5 Bxe5 12. Bxe5 fxe5 13. Qh5+ g6 14. Qxe5
Rf8 15. O-O Qb6 16. Rae1 Rf7 17. Qxd5 Qxb2 18. Bb5+ Kf8 19. Qd8+ Kg7 20. Qd4+
Kg8 21. Bc4 Nf5 22. Re8# 1-0

[Event "Est ch 2020 U16"]
[Site "Narva"]
[Date "2020.02.28"]
[Round "3.15"]
[White "Lazojev, Mark"]
[Black "Desjatnikov, Svetoslav"]
[Result "1-0"]
[WhiteElo "1171"]
[BlackElo "1108"]
[PlyCount "51"]
[EventDate "2020.02.27"]
[EventCountry "EST"]
[SourceVersionDate "2020.03.16"]

1. e4 e5 2. Nf3 Nc6 3. Nc3 Nf6 4. d4 exd4 5. Nxd4 Bb4 6. Nxc6 bxc6 7. Bd3 d5 8.
exd5 cxd5 9. Bd2 Bxc3 10. Bxc3 d4 11. Bb5+ Bd7 12. Bxd7+ Qxd7 13. Bxd4 Qe6+ 14.
Be3 Ng4 15. Qf3 Nxe3 16. fxe3 Qg6 17. Qxa8+ Ke7 18. Qxh8 Qxg2 19. O-O-O Qe4 20.
Qd8+ Ke6 21. Qe8+ Kf5 22. Rhf1+ Kg6 23. Qxe4+ Kh6 24. h4 a5 25. Qf4+ Kg6 26.
Qg5# 1-0

[Event "Est ch 2020 U16"]
[Site "Narva"]
[Date "2020.02.28"]
[Round "4.1"]
[White "Protassov, Vlad"]
[Black "Aga, Rihard"]
[Result "1/2-1/2"]
[WhiteElo "1913"]
[BlackElo "2054"]
[PlyCount "33"]
[EventDate "2020.02.27"]
[EventCountry "EST"]
[SourceVersionDate "2020.03.16"]

1. d4 Nf6 2. c4 g6 3. Nc3 d5 4. cxd5 Nxd5 5. e4 Nxc3 6. bxc3 Bg7 7. Bc4 c5 8.
Ne2 Nc6 9. Be3 O-O 10. O-O Qc7 11. Rc1 Rd8 12. f4 Qd7 13. d5 Na5 14. Bb3 c4 15.
Bc2 b5 16. Rb1 Ba6 17. Qc1 1/2-1/2

[Event "Est ch 2020 U16"]
[Site "Narva"]
[Date "2020.02.28"]
[Round "4.2"]
[White "Pedoson, Georg Aleksander"]
[Black "Krivenko, Dion"]
[Result "1-0"]
[WhiteElo "2160"]
[BlackElo "1935"]
[PlyCount "49"]
[EventDate "2020.02.27"]
[EventCountry "EST"]
[SourceVersionDate "2020.03.16"]

1. c4 e5 2. Nc3 Nc6 3. e3 Nf6 4. g4 h6 5. Bg2 Bc5 6. h3 d5 7. Nxd5 Nxd5 8. Bxd5
Nb4 9. Be4 O-O 10. a3 Nd3+ 11. Ke2 Nxc1+ 12. Rxc1 f5 13. gxf5 Bxf5 14. Qc2 Qd7
15. Nf3 Bxe4 16. Qxe4 Rae8 17. Rhg1 Rf7 18. Rg3 c6 19. Rcg1 Bf8 20. Nxe5 Qe6
21. f4 Bd6 22. Nxf7 Qxe4 23. Rxg7+ Kf8 24. Nxd6 Qxf4 25. Rg8+ 1-0

[Event "Est ch 2020 U16"]
[Site "Narva"]
[Date "2020.02.28"]
[Round "4.3"]
[White "Raag, Ardi"]
[Black "Rytshagov, Nikita"]
[Result "0-1"]
[WhiteElo "1774"]
[BlackElo "1837"]
[PlyCount "68"]
[EventDate "2020.02.27"]
[EventCountry "EST"]
[SourceVersionDate "2020.03.16"]

1. e4 e5 2. Nf3 Nc6 3. Bb5 a6 4. Ba4 Nf6 5. O-O b5 6. Bb3 Bb7 7. Qe2 Bc5 8. c3
d6 9. d3 h6 10. a4 O-O 11. Nh4 Qd7 12. h3 d5 13. Qf3 dxe4 14. dxe4 Ne7 15. Bc2
Qe6 16. Nd2 Nh7 17. Qg3 Kh8 18. Nf5 Qf6 19. b4 Bd6 (19... Bb6) 20. Nxd6 Qxd6 (
20... cxd6) 21. Nb3 f5 22. exf5 Nxf5 23. Bxf5 (23. Qg4 Qd5 24. f3) 23... Rxf5
24. Nc5 Bc6 25. Be3 (25. axb5) 25... bxa4 26. Qg4 Raf8 27. Rfd1 Qe7 28. Nxa6
Qf7 {[%cal Rf5f6,Rf6g6] Must on koondanud kogu tulejõu valge kuninga vastu.
Kuidas kaitsta etturit g2 ähvarduse Vf5-f6-g6 vastu?} 29. h4 h5 ({Võitis ka} 
29... Rxf2 30. Bxf2 Qxf2+ 31. Kh2 Rf4 32. Rd8+ (32. Rf1 Qxf1 33. Qc8+ Rf8)
32... Nf8 33. Rxf8+ Rxf8 34. Qg3 Qe2 35. Nc5 Rf4 {[%cal Rf4h4,Rf4g4]}) 30. Qh3
(30. Qg3 Rf6) 30... g5 31. hxg5 {Kaotab kohe, kuid ka} (31. Nc5 Rg8 32. Kh1
gxh4 33. Rg1 Rg4 {pole naljaasi}) 31... Nxg5 32. Qh4 Rg8 33. Kh2 Qf6 ({Võitis
juba palju käike, näiteks} 33... Bxg2) 34. Qxh5+ Nh7 0-1